[Event "Wch Seniors 50 26th"]
[Site "Marianske Lazne"]
[Date "2016.11.27"]
[Round "8"]
[White "Vlcek, Antonin"]
[Black "Bauer, Matthias"]
[Result "1-0"]
[WhiteElo "1798"]
[BlackElo "1688"]
[PlyCount "135"]
[EventDate "2016.11.19"]
[EventType "swiss"]
[EventRounds "11"]
[EventCountry "CZE"]
[SourceTitle "CBM 175 Extra"]
[Source "ChessBase"]
[SourceDate "2016.12.12"]
[SourceVersion "1"]
[SourceVersionDate "2016.12.12"]
[SourceQuality "1"]

1. e4 c6 2. d4 d5 3. e5 Bf5 4. Nf3 e6 5. Be2 Nd7 6. 0-0 Qc7 7. c4 dxc4 8. Bxc4 Nb6 9. Be2 0-0-0 10. Nc3 Ne7 11. Be3 Ned5 12. Rc1 Nxc3 13. Rxc3 Nd5 14. Rc4 Nb6 15. Rc1 Nd5 16. Bd2 Bb4 17. Bxb4 Nxb4 18. Qb3 Nd5 19. Nh4 Be4 20. Nf3 Nf4 21. Bc4 Bxf3 22. Qxf3 Rxd4 23. Qe3 Rhd8 24. g3 Ng6 25. f4 Ne7 26. Qa3 Qb6 27. Kh1 R8d7 28. b4 Kb8 29. Qb3 Nd5 30. a3 Re4 31. b5 Rc7 32. Bxd5 cxd5 33. Rxc7 Qxc7 34. a4 Qc4 35. Qxc4 Rxc4 36. Ra1 Rb4 37. Kg2 Kc7 38. Kf3 Kb6 39. h4 Ka5 40. h5 Rxa4 41. Rxa4+ Kxa4 42. b6 axb6 43. g4 b5 44. g5 b4 45. f5 exf5 46. g6 hxg6 47. hxg6 fxg6 48. e6 b3 49. e7 b2 50. e8Q+ b5 51. Qe1 Kb3 52. Qb1 g5 53. Qxf5 Ka2 54. Qxd5+ Ka1 55. Qd4 Ka2 56. Qd2 Kb3 57. Qd5+ Kc2 58. Qc5+ Kb1 59. Qxb5 Kc2 60. Qc4+ Kd2 61. Qb3 Kc1 62. Qc3+ Kb1 63. Ke2 Ka2 64. Qa5+ Kb3 65. Qd5+ Ka3 66. Qb5 Ka2 67. Qa4+ Kb1 68. Kd2 1-0

[Event "Wch Seniors 50 26th"]
[Site "Marianske Lazne"]
[Date "2016.11.20"]
[Round "2"]
[White "Fox, Anthony"]
[Black "Bauer, Matthias"]
[Result "1-0"]
[WhiteElo "1986"]
[BlackElo "1688"]
[PlyCount "59"]
[EventDate "2016.11.19"]
[EventType "swiss"]
[EventRounds "11"]
[EventCountry "CZE"]
[SourceTitle "CBM 175 Extra"]
[Source "ChessBase"]
[SourceDate "2016.12.12"]
[SourceVersion "1"]
[SourceVersionDate "2016.12.12"]
[SourceQuality "1"]

1. e4 e6 2. d3 d5 3. Nd2 c5 4. g3 Nc6 5. Bg2 Nf6 6. Ngf3 Be7 7. 0-0 0-0 8. Re1 b5 9. e5 Nd7 10. h4 a5 11. Nf1 Nb6 12. N1h2 Bd7 13. Ng4 c4 14. d4 b4 15. h5 a4 16. h6 g6 17. Be3 Na5 18. b3 axb3 19. axb3 cxb3 20. cxb3 Bb5 21. Bf1 Qd7 22. Bg5 Bxf1 23. Bxe7 Qxe7 24. Kxf1 Rfc8 25. Nf6+ Kh8 26. Ng5 Rc3 27. Re3 Rxe3 28. fxe3 Qf8 29. Nfxh7 Ra7 30. Nxf8 1-0

[Event "Solingen-ch"]
[Site "Solingen"]
[Date "2016.10.18"]
[Round "4"]
[White "Schubert, Stefan"]
[Black "Bauer, Matthias"]
[Result "1-0"]
[WhiteElo "1229"]
[BlackElo "1688"]
[PlyCount "133"]
[EventDate "2016.09.07"]
[EventType "swiss"]
[EventRounds "7"]
[EventCountry "GER"]
[SourceTitle "EXT 2018"]
[Source "ChessBase"]
[SourceDate "2017.10.13"]
[SourceVersion "1"]
[SourceVersionDate "2017.10.13"]
[SourceQuality "1"]

1. d4 f5 2. Bf4 d5 3. e3 e6 4. Nf3 Nf6 5. Bd3 c6 6. Nbd2 Be7 7. Ne5 0-0 8. Qf3 Nbd7 9. h3 Ne4 10. g4 Nxe5 11. dxe5 Bh4 12. Rh2 Nxf2 13. Rxf2 Bxf2+ 14. Kxf2 Qh4+ 15. Qg3 Qxg3+ 16. Kxg3 fxg4 17. hxg4 h6 18. Rh1 g5 19. Rxh6 gxf4+ 20. exf4 Rf7 21. Nf3 Bd7 22. Ng5 Re7 23. Nh7 Kg7 24. g5 Rh8 25. Nf6 Rxh6 26. gxh6+ Kh8 27. Bg6 c5 28. b3 b5 29. Kf3 Bc6 30. Ke3 a5 31. c3 Ra7 32. f5 exf5 33. Bxf5 Re7 34. e6 Ra7 35. Nd7 Bxd7 36. exd7 Ra8 37. Kd3 Rd8 38. a4 bxa4 39. bxa4 Kg8 40. c4 d4 41. Ke4 Kf7 42. Kd3 Kf6 43. Bg4 Kg6 44. h7 Kxh7 45. Ke4 Kg7 46. Kd5 d3 47. Kd6 Kf6 48. Kc7 Rf8 49. d8Q+ Rxd8 50. Kxd8 Ke5 51. Kd7 Kd4 52. Kc6 Kxc4 53. Bd1 Kb4 54. Kd5 c4 55. Kd4 d2 56. Ke3 c3 57. Kd3 Kc5 58. Kxc3 Kd5 59. Kxd2 Kd4 60. Bc2 Kc4 61. Ke3 Kc3 62. Bd1 Kb4 63. Kd4 Ka3 64. Kc5 Kb2 65. Kb5 Kc3 66. Kxa5 Kc4 67. Kb6 1-0

[Event "Solingen-ch"]
[Site "Solingen"]
[Date "2016.09.16"]
[Round "2"]
[White "Fodor, Bernhard"]
[Black "Bauer, Matthias"]
[Result "0-1"]
[WhiteElo "1281"]
[BlackElo "1688"]
[PlyCount "84"]
[EventDate "2016.09.07"]
[EventType "swiss"]
[EventRounds "7"]
[EventCountry "GER"]
[SourceTitle "EXT 2018"]
[Source "ChessBase"]
[SourceDate "2017.10.13"]
[SourceVersion "1"]
[SourceVersionDate "2017.10.13"]
[SourceQuality "1"]

1. d4 f5 2. Nf3 d5 3. Nc3 c6 4. Bd2 Nf6 5. h3 e6 6. Bg5 Be7 7. Ne5 Nbd7 8. e3 0-0 9. a3 Ne4 10. Bxe7 Qxe7 11. Nxe4 fxe4 12. Ng4 Qf7 13. Qd2 Qf5 14. 0-0-0 h5 15. Nh2 Qxf2 16. Qxf2 Rxf2 17. Rd2 Rxd2 18. Kxd2 e5 19. Be2 exd4 20. exd4 Nf6 21. Nf1 Bf5 22. Ne3 Bg6 23. Rg1 Rf8 24. g4 hxg4 25. Bxg4 Nxg4 26. hxg4 Rf3 27. Ke2 Rh3 28. c3 Rh2+ 29. Rg2 Rxg2+ 30. Nxg2 Be8 31. Ke3 g5 32. Kf2 Kg7 33. Ne3 Bd7 34. Kg3 Kf6 35. Kf2 Be6 36. Kg3 b6 37. b4 Ke7 38. Nc2 Kd6 39. a4 c5 40. b5 Bd7 41. Ne3 cxd4 42. cxd4 Bc8 0-1

[Event "Solingen-ch"]
[Site "Solingen"]
[Date "2015.10.14"]
[Round "4"]
[White "Johann, Hans Werner"]
[Black "Bauer, Matthias"]
[Result "1/2-1/2"]
[WhiteElo "1332"]
[BlackElo "1693"]
[PlyCount "82"]
[EventDate "2015.09.04"]
[EventType "swiss"]
[EventRounds "7"]
[EventCountry "GER"]
[SourceTitle "EXT 2018"]
[Source "ChessBase"]
[SourceDate "2017.10.13"]
[SourceVersion "1"]
[SourceVersionDate "2017.10.13"]
[SourceQuality "1"]

1. d4 f5 2. c4 c6 3. Nf3 e6 4. a3 d5 5. e3 Nf6 6. h3 Bd6 7. b4 0-0 8. Bb2 Bd7 9. Nc3 Ne4 10. Nxe4 fxe4 11. Ne5 Qf6 12. Qd2 Be8 13. c5 Bc7 14. g4 Nd7 15. Nxd7 Bxd7 16. Bg2 e5 17. Rf1 exd4 18. Bxd4 Be5 19. 0-0-0 Bxd4 20. exd4 Qf4 21. Qxf4 Rxf4 22. Kd2 Raf8 23. Ke3 h5 24. f3 exf3 25. Rxf3 Rxf3+ 26. Bxf3 Re8+ 27. Kd2 hxg4 28. hxg4 g5 29. Rh1 Kg7 30. a4 Rf8 31. Ke3 Be8 32. a5 a6 33. Rh2 Bg6 34. Rf2 Re8+ 35. Kd2 Be4 36. Bd1 Bb1 37. Re2 Re4 38. Rxe4 Bxe4 39. Ke3 Kf6 40. Be2 Bg6 41. Bd1 Be8 1/2-1/2

[Event "Solingen-ch"]
[Site "Solingen"]
[Date "2015.09.04"]
[Round "1"]
[White "Bauer, Matthias"]
[Black "Flesch, Stefan"]
[Result "1/2-1/2"]
[WhiteElo "1693"]
[BlackElo "2073"]
[PlyCount "80"]
[EventDate "2015.09.04"]
[EventType "swiss"]
[EventRounds "7"]
[EventCountry "GER"]
[SourceTitle "EXT 2018"]
[Source "ChessBase"]
[SourceDate "2017.10.13"]
[SourceVersion "1"]
[SourceVersionDate "2017.10.13"]
[SourceQuality "1"]

1. c4 g6 2. Nc3 Bg7 3. e3 d6 4. d4 Nf6 5. b3 0-0 6. Bb2 Nfd7 7. g3 e5 8. dxe5 Nxe5 9. Bg2 Nbc6 10. Nge2 Bf5 11. e4 Bg4 12. h3 Bf3 13. 0-0 Re8 14. Bxf3 Nxf3+ 15. Kg2 Ng5 16. f3 Qd7 17. Ng1 f5 18. Qd5+ Nf7 19. exf5 gxf5 20. f4 Nb4 21. Qd2 Qc6+ 22. Kh2 Re6 23. a3 Na6 24. Nf3 Qc5 25. Rfe1 Rae8 26. Rxe6 Rxe6 27. Re1 Rxe1 28. Qxe1 Kf8 29. Na4 Qc6 30. Bxg7+ Kxg7 31. Nd4 Qd7 32. Qe6 Qxe6 33. Nxe6+ Kf6 34. Nd4 c6 35. b4 Nc7 36. Kg2 h5 37. Nc3 Nd8 38. Kf3 Nde6 39. Nxe6 Nxe6 40. Ke3 Nc7 1/2-1/2

[Event "Rheinhausen-ch 19th"]
[Site "Duisburg Rheinhausen"]
[Date "2015.02.05"]
[Round "3"]
[White "Bauer, Matthias"]
[Black "Rivinius, Otto"]
[Result "0-1"]
[WhiteElo "1631"]
[BlackElo "1723"]
[PlyCount "58"]
[EventDate "2015.01.09"]
[EventType "swiss"]
[EventRounds "7"]
[EventCountry "GER"]
[SourceTitle "EXT 2018"]
[Source "ChessBase"]
[SourceDate "2017.10.13"]
[SourceVersion "1"]
[SourceVersionDate "2017.10.13"]
[SourceQuality "1"]

1. e4 d5 2. e5 c5 3. c3 Bf5 4. d4 Nc6 5. Nf3 e6 6. Bb5 Qb6 7. Ba4 Qa6 8. Bc2 Bxc2 9. Qxc2 cxd4 10. cxd4 Nb4 11. Qe2 Qxe2+ 12. Kxe2 Nc2 13. Kd2 Nxa1 14. Nc3 Rc8 15. Kd3 b5 16. Nxb5 Nc2 17. Bd2 Nb4+ 18. Bxb4 Bxb4 19. Nxa7 Rc4 20. a3 Ba5 21. Nb5 Bc7 22. Nd2 Rc6 23. Na7 Rb6 24. Rc1 Kd7 25. b4 Ne7 26. Nb3 Ra8 27. Nc5+ Kd8 28. Na4 Rxa7 29. Nxb6 Bxb6 0-1

[Event "Rheinhausen-ch 19th"]
[Site "Duisburg Rheinhausen"]
[Date "2015.01.18"]
[Round "2"]
[White "Dubberke, Alexander"]
[Black "Bauer, Matthias"]
[Result "0-1"]
[WhiteElo "1287"]
[BlackElo "1631"]
[PlyCount "34"]
[EventDate "2015.01.09"]
[EventType "swiss"]
[EventRounds "7"]
[EventCountry "GER"]
[SourceTitle "EXT 2018"]
[Source "ChessBase"]
[SourceDate "2017.10.13"]
[SourceVersion "1"]
[SourceVersionDate "2017.10.13"]
[SourceQuality "1"]

1. d4 f5 2. c4 c6 3. Nc3 Nf6 4. Bf4 e6 5. Nf3 d5 6. Ne5 Nbd7 7. e3 Bb4 8. cxd5 cxd5 9. Rc1 Ne4 10. Qb3 Qa5 11. a3 Be7 12. Bd3 0-0 13. 0-0 Nxe5 14. Bxe4 Nc4 15. Nxd5 exd5 16. Bxd5+ Qxd5 17. Rxc4 Be6 0-1

[Event "Rheinhausen-ch op 18th"]
[Site "Rheinhausen"]
[Date "2014.02.21"]
[Round "4"]
[White "Brands, Justin"]
[Black "Bauer, Matthias"]
[Result "0-1"]
[WhiteElo "1438"]
[BlackElo "1579"]
[PlyCount "86"]
[EventDate "2014.01.10"]
[EventType "swiss"]
[EventRounds "7"]
[EventCountry "GER"]
[SourceTitle "EXT 2017"]
[Source "ChessBase"]
[SourceDate "2016.10.25"]
[SourceVersion "1"]
[SourceVersionDate "2016.10.25"]
[SourceQuality "1"]

1. d4 d5 2. Nf3 Nf6 3. c4 c6 4. cxd5 cxd5 5. Nc3 Bf5 6. Bf4 a6 7. e3 e6 8. Bd3 Bxd3 9. Qxd3 Bd6 10. Bxd6 Qxd6 11. 0-0 Nbd7 12. Rac1 0-0 13. Rc2 Rac8 14. Rfc1 Rc7 15. Ne2 Rfc8 16. Rxc7 Rxc7 17. Rxc7 Qxc7 18. g3 Ne4 19. Nd2 Ndf6 20. Nxe4 Nxe4 21. f3 Nd6 22. Qc3 Qc4 23. Nc1 Qxc3 24. bxc3 Nb5 25. Ne2 Kf8 26. Kf2 Ke7 27. g4 Kd6 28. Kg3 Kc6 29. Kf4 Nd6 30. h4 Kb5 31. Ng3 Ka4 32. Nh5 Ne8 33. Ke5 Ka3 34. f4 Kxa2 35. f5 g6 36. Nf4 gxf5 37. gxf5 Kb3 38. fxe6 fxe6 39. Nxe6 Kxc3 40. Kxd5 b5 41. Kc5 b4 42. d5 b3 43. Nd4 b2 0-1

[Event "Rheinhausen-ch op 18th"]
[Site "Rheinhausen"]
[Date "2014.02.07"]
[Round "3"]
[White "Bauer, Matthias"]
[Black "Zettl, Thomas"]
[Result "0-1"]
[WhiteElo "1579"]
[BlackElo "1899"]
[PlyCount "132"]
[EventDate "2014.01.10"]
[EventType "swiss"]
[EventRounds "7"]
[EventCountry "GER"]
[SourceTitle "EXT 2017"]
[Source "ChessBase"]
[SourceDate "2016.10.25"]
[SourceVersion "1"]
[SourceVersionDate "2016.10.25"]
[SourceQuality "1"]

1. d4 g6 2. Nf3 Bg7 3. c3 d6 4. e4 Nf6 5. Qc2 c5 6. d5 0-0 7. h3 e6 8. Bc4 exd5 9. exd5 Re8+ 10. Be3 Bh6 11. Qe2 Bxe3 12. fxe3 Qe7 13. 0-0 a6 14. a4 Kg7 15. Re1 Bf5 16. Nbd2 Nbd7 17. a5 Ne4 18. Nxe4 Bxe4 19. Qf2 Ne5 20. Nxe5 Qxe5 21. Rad1 Re7 22. Qf4 Rae8 23. Qxe5+ Rxe5 24. Rd2 Rg5 25. Bf1 Bf5 26. Kf2 Re4 27. Bd3 Ra4 28. e4 Bd7 29. Rb1 Bb5 30. Bxb5 axb5 31. b4 c4 32. Re2 Ra3 33. Rc1 Kf6 34. g3 h5 35. Kf3 Re5 36. Rec2 Ke7 37. Rb1 Kd7 38. Rbb2 Ra1 39. Re2 Rf1+ 40. Rf2 Rxf2+ 41. Rxf2 f5 42. exf5 Rxf5+ 43. Ke3 Rxd5 44. Rf3 Rd3+ 45. Ke2 Rd5 46. Ke3 Re5+ 47. Kd2 g5 48. Rf7+ Kc6 49. Rf3 Re6 50. Rf5 Rg6 51. h4 gxh4 52. gxh4 Rg2+ 53. Kd1 b6 54. axb6 Kxb6 55. Rxh5 Rh2 56. Rh8 Kc6 57. h5 Kd5 58. h6 Ke4 59. Rg8 Rxh6 60. Rg3 Rh2 61. Kc1 Rf2 62. Rg4+ Rf4 63. Rg8 d5 64. Re8+ Kd3 65. Rd8 Kxc3 66. Rxd5 Rf1+ 0-1

[Event "Rheinhausen-ch op 18th"]
[Site "Rheinhausen"]
[Date "2014.01.24"]
[Round "2"]
[White "Bauer, Matthias"]
[Black "Buhren, Wolfgang"]
[Result "1-0"]
[WhiteElo "1579"]
[BlackElo "1422"]
[PlyCount "63"]
[EventDate "2014.01.10"]
[EventType "swiss"]
[EventRounds "7"]
[EventCountry "GER"]
[SourceTitle "EXT 2017"]
[Source "ChessBase"]
[SourceDate "2016.10.25"]
[SourceVersion "1"]
[SourceVersionDate "2016.10.25"]
[SourceQuality "1"]

1. e4 d5 2. exd5 Nf6 3. d4 Nxd5 4. Bc4 e6 5. Nf3 Nc6 6. c3 Nb6 7. Bd3 h6 8. Nbd2 Be7 9. 0-0 Nd5 10. Nc4 0-0 11. Nfe5 Bd7 12. Qg4 Nxe5 13. Nxe5 Nf6 14. Qe2 Be8 15. f4 c5 16. Be3 Rc8 17. f5 Nd5 18. fxe6 f6 19. Ng6 Bxg6 20. Bxg6 Nxe3 21. Bf7+ Kh8 22. Qxe3 cxd4 23. cxd4 Rc4 24. Rfd1 Qd5 25. Qf3 Rd8 26. Qxd5 Rxd5 27. Rac1 b5 28. b3 Rcxd4 29. Rxd4 Rxd4 30. Rc8+ Kh7 31. Kf1 Bd8 32. Rxd8 1-0

[Event "World Amateur-ch"]
[Site "Iasi"]
[Date "2013.04.22"]
[Round "1"]
[White "Gibbs, Dominic V"]
[Black "Bauer, Matthias"]
[Result "1-0"]
[WhiteElo "1956"]
[BlackElo "1717"]
[PlyCount "100"]
[EventDate "2013.04.22"]
[EventType "swiss"]
[EventRounds "9"]
[EventCountry "ROU"]
[SourceTitle "CBM 154 Extra"]
[Source "ChessBase"]
[SourceDate "2013.06.25"]
[SourceVersion "2"]
[SourceVersionDate "2013.06.25"]
[SourceQuality "1"]

1. e4 d5 2. exd5 Qxd5 3. Nc3 Qa5 4. Bc4 Nf6 5. d3 c6 6. Bd2 Qc7 7. Qe2 Bg4 8. f3 Bf5 9. 0-0-0 e6 10. g4 Bg6 11. f4 Be7 12. Nh3 0-0 13. Ng5 Nd5 14. Bxd5 cxd5 15. f5 Bxg5 16. Bxg5 d4 17. fxg6 dxc3 18. gxf7+ Rxf7 19. Qxe6 cxb2+ 20. Kb1 Qd7 21. Qxd7 Nxd7 22. Rhf1 Rxf1 23. Rxf1 Re8 24. Rf2 Re5 25. Bd2 Rb5 26. c4 Rb6 27. Bc3 Nc5 28. Bd4 Rc6 29. Bxc5 Rxc5 30. Kxb2 Re5 31. Kc3 h5 32. gxh5 Rxh5 33. d4 Rh3+ 34. Kb4 Rh6 35. c5 Rh4 36. Kc4 Re4 37. Kd5 Re8 38. h4 Rd8+ 39. Kc4 Re8 40. Rf4 Re2 41. a4 Rc2+ 42. Kb5 Rb2+ 43. Kc4 Re2 44. d5 Rc2+ 45. Kd4 Rc1 46. d6 Rd1+ 47. Ke5 Re1+ 48. Re4 Rd1 49. Ke6 Rc1 50. d7 Rd1 1-0

[Event "Dortmund Sparkassen op-B"]
[Site "Dortmund"]
[Date "2011.07.30"]
[Round "8"]
[White "Gollnick, Rainer"]
[Black "Bauer, Matthias"]
[Result "0-1"]
[WhiteElo "1452"]
[BlackElo "1579"]
[PlyCount "55"]
[EventDate "2011.07.23"]
[EventType "swiss"]
[EventRounds "9"]
[EventCountry "GER"]
[SourceTitle "EXT 2013"]
[Source "ChessBase"]
[SourceDate "2012.11.22"]
[SourceVersion "1"]
[SourceVersionDate "2012.11.22"]
[SourceQuality "1"]

1. e4 c5 2. Nf3 d6 3. d4 cxd4 4. Nxd4 Nf6 5. Nc3 a6 6. Be2 g6 7. Be3 Bg7 8. h4 Qa5 9. Nb3 Qc7 10. g4 Be6 11. g5 Nfd7 12. Nd4 Bc4 13. Bg4 Ne5 14. Bh3 Nbc6 15. b3 Nxd4 16. Bxd4 Be6 17. Bxe6 fxe6 18. f4 Nf3+ 19. Qxf3 Bxd4 20. Kd2 Rc8 21. Rh3 Qa5 22. b4 Qa3 23. Rb1 Rxc3 24. Qxc3 Bxc3+ 25. Rxc3 Qxa2 26. Kc1 Kd7 27. Rbb3 Qa1+ 28. Rb1 0-1

[Event "Dortmund Sparkassen op-B"]
[Site "Dortmund"]
[Date "2011.07.26"]
[Round "4"]
[White "Schrimpl, Michael"]
[Black "Bauer, Matthias"]
[Result "0-1"]
[WhiteElo "1462"]
[BlackElo "1579"]
[PlyCount "98"]
[EventDate "2011.07.23"]
[EventType "swiss"]
[EventRounds "9"]
[EventCountry "GER"]
[SourceTitle "EXT 2013"]
[Source "ChessBase"]
[SourceDate "2012.11.22"]
[SourceVersion "1"]
[SourceVersionDate "2012.11.22"]
[SourceQuality "1"]

1. c4 f5 2. d4 Nf6 3. Nc3 g6 4. Nf3 Bg7 5. g3 0-0 6. Bg2 c6 7. 0-0 d6 8. Bf4 Nbd7 9. Qc2 Re8 10. Rad1 Qc7 11. e4 fxe4 12. Nxe4 Nxe4 13. Qxe4 Nf6 14. Qd3 Bf5 15. Qa3 Nh5 16. Be3 Qc8 17. b4 Bh3 18. Qd3 Bf5 19. Qd2 Rf8 20. a4 Bg4 21. Nh4 Bxd1 22. Qxd1 Qe6 23. d5 Qd7 24. Be4 Nf6 25. dxc6 bxc6 26. Bg2 Rab8 27. b5 cxb5 28. cxb5 d5 29. Nf3 Ne4 30. Nd4 Bxd4 31. Qxd4 Nf6 32. Bg5 Rbd8 33. Rd1 Kg7 34. Qd2 Rfe8 35. Bh6+ Kg8 36. Bg5 Qf5 37. Bxf6 Qxf6 38. Qe3 d4 39. Qb3+ Kh8 40. Bc6 Rf8 41. Rd2 e5 42. Be4 Qd6 43. Kg2 Rc8 44. Rd3 Rc7 45. Qd5 Qxd5 46. Bxd5 Rc2 47. a5 Rfxf2+ 48. Kg1 Rfe2 49. Bg2 Rxg2+ 0-1

[Event "Hamburg St Pauli op-B"]
[Site "Hamburg"]
[Date "2011.07.11"]
[Round "4"]
[White "Frischmuth, Beate"]
[Black "Bauer, Matthias"]
[Result "1/2-1/2"]
[WhiteElo "1225"]
[BlackElo "1621"]
[PlyCount "38"]
[EventDate "2011.07.09"]
[EventType "swiss"]
[EventRounds "9"]
[EventCountry "GER"]
[SourceTitle "CBM 143 Extra"]
[Source "ChessBase"]
[SourceDate "2011.08.29"]
[SourceVersion "1"]
[SourceVersionDate "2011.08.29"]
[SourceQuality "1"]

1. e4 d5 2. exd5 Qxd5 3. Nc3 Qa5 4. d3 c6 5. g3 Nf6 6. Bg2 Bf5 7. Nge2 e6 8. Be3 Nbd7 9. Qd2 Bb4 10. a3 Nd5 11. Bxd5 cxd5 12. 0-0-0 Be7 13. f4 b5 14. Na2 Qc7 15. Qc3 Qxc3 16. Nexc3 a6 17. h3 Bf6 18. g4 Bg6 19. g5 Be7 1/2-1/2

[Event "Solingen-ch"]
[Site "Solingen"]
[Date "2010.10.29"]
[Round "4"]
[White "Sherif, Amina"]
[Black "Bauer, Matthias"]
[Result "0-1"]
[WhiteElo "1080"]
[BlackElo "1652"]
[PlyCount "132"]
[EventDate "2010.09.10"]
[EventType "swiss"]
[EventRounds "7"]
[EventCountry "GER"]
[SourceTitle "EXT 2012"]
[Source "ChessBase"]
[SourceDate "2011.11.24"]
[SourceVersion "1"]
[SourceVersionDate "2011.11.24"]
[SourceQuality "1"]

1. d4 d5 2. Nf3 Nf6 3. e3 Bf5 4. c4 e6 5. Nc3 c6 6. Be2 Bb4 7. a3 Ba5 8. b4 Bc7 9. Bb2 Nbd7 10. Qd2 Ne4 11. Qd1 Ndf6 12. Qb3 Nxc3 13. Bxc3 Ne4 14. Bb2 Bg4 15. h3 Bxf3 16. Bxf3 Qh4 17. Bxe4 Qxe4 18. 0-0 h5 19. Rac1 Rh6 20. Qc2 Qh4 21. Qe2 Rg6 22. Qf3 Rf6 23. Qe2 g5 24. f4 gxf4 25. Qf2 Qg5 26. Rc3 Kd7 27. Bc1 Rg8 28. Rc2 f3 29. e4 fxg2 30. Qxg2 Qxg2+ 31. Rxg2 Rxg2+ 32. Kxg2 Rxf1 33. Kxf1 dxc4 34. Ke2 e5 35. Bb2 Ke6 36. Kf3 exd4 37. Bxd4 a6 38. Ke2 Be5 39. Be3 Bb2 40. Kd1 Bxa3 41. Bd2 Ke5 42. Kc2 c5 43. bxc5 Bxc5 44. Kc3 b5 45. Kb2 Kxe4 46. Kc3 f5 47. Kc2 f4 48. Kd1 f3 49. Ke1 f2+ 50. Kf1 Kd3 51. Bf4 Be3 52. Bd6 c3 53. Ba3 c2 54. h4 b4 55. Bc1 b3 56. Ba3 c1Q+ 57. Bxc1 Bxc1 58. Kxf2 b2 59. Kf3 b1Q 60. Kg3 Qb8+ 61. Kf3 a5 62. Kf2 a4 63. Kf3 a3 64. Kf2 Qf4+ 65. Kg2 Qg4+ 66. Kf2 Be3+ 0-1

[Event "Rheinhausen-ch 12th"]
[Site "Duisburg Rheinhausen"]
[Date "2008.02.29"]
[Round "6"]
[White "Zahn, Fabian"]
[Black "Bauer, Matthias"]
[Result "1/2-1/2"]
[WhiteElo "1375"]
[BlackElo "1622"]
[PlyCount "31"]
[EventDate "2008.01.11"]
[EventType "swiss"]
[EventRounds "7"]
[EventCountry "GER"]
[SourceTitle "EXT 2018"]
[Source "ChessBase"]
[SourceDate "2017.10.13"]
[SourceVersion "1"]
[SourceVersionDate "2017.10.13"]
[SourceQuality "1"]

1. Nf3 d5 2. d4 Nf6 3. c4 e6 4. g3 b6 5. Bg2 Bb7 6. 0-0 dxc4 7. Nbd2 c5 8. Nxc4 cxd4 9. Qxd4 Nc6 10. Qxd8+ Rxd8 11. Nfe5 Nxe5 12. Nxe5 Bxg2 13. Kxg2 Bd6 14. Nc4 Bb8 15. Bg5 Ke7 16. Rfd1 1/2-1/2

[Event "Rheinhausen-ch 12th"]
[Site "Duisburg Rheinhausen"]
[Date "2008.02.08"]
[Round "4"]
[White "Bauer, Matthias"]
[Black "Palmowski, Sascha"]
[Result "1-0"]
[WhiteElo "1622"]
[BlackElo "1204"]
[PlyCount "117"]
[EventDate "2008.01.11"]
[EventType "swiss"]
[EventRounds "7"]
[EventCountry "GER"]
[SourceTitle "EXT 2018"]
[Source "ChessBase"]
[SourceDate "2017.10.13"]
[SourceVersion "1"]
[SourceVersionDate "2017.10.13"]
[SourceQuality "1"]

1. e4 e5 2. Nf3 Nc6 3. Bc4 Be7 4. a3 a6 5. d3 d6 6. h3 b5 7. Ba2 Bb7 8. Be3 Nf6 9. 0-0 0-0 10. Qd2 d5 11. exd5 Nxd5 12. Bg5 Bxg5 13. Qxg5 f6 14. Qd2 Kh8 15. Nc3 Nd4 16. Nxd4 exd4 17. Ne4 Nb6 18. Nc5 Bc8 19. Rfe1 Re8 20. Rxe8+ Qxe8 21. Re1 Qd8 22. Qf4 h6 23. Qe4 Bd7 24. Qxd4 Bc6 25. Qxd8+ Rxd8 26. Re7 Re8 27. Rxe8+ Bxe8 28. Nxa6 c6 29. Nc5 Na4 30. Nxa4 bxa4 31. Kf1 Kh7 32. Bc4 Kg6 33. b3 c5 34. bxa4 Bxa4 35. Bb3 Bc6 36. a4 Kf5 37. a5 Ke5 38. c3 g5 39. f3 f5 40. Kf2 f4 41. a6 Kd6 42. Ke2 Kc7 43. Bc4 Kb6 44. d4 cxd4 45. cxd4 Bd7 46. Bd3 h5 47. Kd2 g4 48. hxg4 hxg4 49. fxg4 Bxg4 50. Ke1 Be6 51. Kd2 Bd5 52. Bf1 Bc6 53. Kc3 Bd5 54. Kd2 Be4 55. Ke1 Kc7 56. Kf2 Kd6 57. Be2 Kc7 58. Bf3 Bd3 59. a7 1-0

[Event "Leverkusen-ch op"]
[Site "Leverkusen"]
[Date "2007.03.26"]
[Round "7"]
[White "Bauer, Matthias"]
[Black "Hasanovic, Husein"]
[Result "1-0"]
[WhiteElo "1572"]
[BlackElo "1616"]
[PlyCount "107"]
[EventDate "2007.01.08"]
[EventType "swiss"]
[EventRounds "7"]
[EventCountry "GER"]
[SourceTitle "EXT 2008"]
[Source "ChessBase"]
[SourceDate "2007.11.25"]
[SourceVersion "1"]
[SourceVersionDate "2007.11.25"]
[SourceQuality "1"]

1. b3 e5 2. Bb2 d6 3. c4 Nc6 4. e3 Nf6 5. Nf3 Bg4 6. Be2 Be7 7. 0-0 h5 8. d4 e4 9. Ng5 Nb4 10. d5 Nd3 11. Bd4 Qd7 12. Nxe4 Ne5 13. Nbd2 Qf5 14. Nxf6+ Bxf6 15. f3 Qg6 16. fxg4 hxg4 17. g3 Kd7 18. Rf2 Rh3 19. Bxe5 Bxe5 20. Bxg4+ Ke7 21. Bxh3 Rh8 22. Bf5 Qf6 23. Be6 Qh6 24. Rxf7+ Ke8 25. Rf2 Bxg3 26. Bf7+ Kd8 27. Qh5 Bxf2+ 28. Kg2 Qxh5 29. Bxh5 Bxe3 30. Nf1 Bd4 31. Rd1 Be5 32. Bg4 Rf8 33. Ng3 Rf4 34. Be6 Rh4 35. Rf1 Bf6 36. Nf5 Rg4+ 37. Kf3 Rg5 38. h4 Rh5 39. Rg1 Rh7 40. Rg6 Ke8 41. Kg4 Kf8 42. h5 a5 43. h6 b6 44. hxg7+ Bxg7 45. Rxg7 Rxg7+ 46. Nxg7 Kxg7 47. Kf5 Kf8 48. Kf6 Ke8 49. Bc8 Kf8 50. Bd7 Kg8 51. Ke7 Kg7 52. Kd8 Kf6 53. Kxc7 Ke5 54. Kxb6 1-0

[Event "Leverkusen-ch op"]
[Site "Leverkusen"]
[Date "2007.01.22"]
[Round "2"]
[White "Lommen, Frank"]
[Black "Bauer, Matthias"]
[Result "1-0"]
[WhiteElo "2215"]
[BlackElo "1572"]
[PlyCount "43"]
[EventDate "2007.01.08"]
[EventType "swiss"]
[EventRounds "7"]
[EventCountry "GER"]
[SourceTitle "EXT 2008"]
[Source "ChessBase"]
[SourceDate "2007.11.25"]
[SourceVersion "1"]
[SourceVersionDate "2007.11.25"]
[SourceQuality "1"]

1. g3 d5 2. Bg2 c6 3. Nf3 Nf6 4. 0-0 Nbd7 5. d4 g6 6. Nbd2 Bg7 7. c4 0-0 8. Qc2 Re8 9. b3 e5 10. cxd5 Nxd5 11. e4 N5b6 12. Bb2 exd4 13. Nxd4 Nf8 14. N2f3 Ne6 15. Rad1 Nxd4 16. Nxd4 Qe7 17. Qc1 Bxd4 18. Bxd4 Be6 19. Qh6 f6 20. Qf4 Kg7 21. g4 g5 22. Qxg5+ 1-0